000 01914nam a22003377a 4500
003 OSt
005 20230816090739.0
008 220929b |||||||| |||| 00| 0 eng d
040 _cBiblioteca Lado V
082 _a001.3
_bU58i
110 _9937
_aUniversidad Nacional (Costa Rica)
_eautor
245 _aÍstmica/
_brevista de la Facultad de Filosofía y Letras, Universidad Nacional, UNA, Facultad de Filosofía y Letras, Universidad Nacional/
260 _bFacultad de Filosofía y Letras
_c2017
_aCosta Rica
300 _a154p.
_c16x24cm
490 _v2017
_a20
_x1023-0890
505 _aEditorial
505 _aCrónica literaria: volver a las fuentes centroamericanas
_tLa crónica modernista centroamericana y sus posibilidades editoriales: tres obras que merecen una edición crítica. Enrique Gómez Carrillo, un viaje a las trincheras (1914-1915) Los bordes de la escritura: la crónica modernista de Arturo Ambrogi Rubén Darío, lo fantástico y la Revolución Mexicana
505 _aArtes Visuales
_rHaydée Arango Milián
_tHistoria y Arte en la plástica de Cuba y Puerto Rico: puentes entre dos tiempos, entre dos aguas
505 _aLiteratura
_tEcos de la diáspora africana
_rCarol Britton
505 _aVaria
_tVoces y registros anticanónicos de la posguerra La prensa temprana en la era digital: contexto y recursos
505 _aColaboradores
505 _aNormas Editoriales
650 _2Tesauro de Arte & Arquitectura
_aHUMANIDADES
650 _2Tesauro de Arte & Arquitectura
_aEDUCACION HUMANISTICA
650 _2Tesauro de Arte & Arquitectura
_aLITERATURA
650 _2Tesauro de Arte & Arquitectura
_aFILOSOFIA
650 _2Tesauro de Arte & Arquitectura
_aIDENTIDAD
650 _2Tesauro de Arte & Arquitectura
_aPUBLICACIONES PERIODICAS
651 _2Tesauro de Arte & Arquitectura
_aAMERICA CENTRAL
942 _2ddc
_c1
_h001.3
_iU58i
_n0
999 _c4122
_d4122